书目信息 |
| 题名: |
气候、物候与文学:以文学家生命意识为路径
|
|
| 作者: | 曾大兴 著 | |
| 分册: | ||
| 出版信息: | 北京 商务印书馆 2016 |
|
| 页数: | 283页 | |
| 开本: | 20cm | |
| 丛书名: | ||
| 单 册: | ||
| 中图分类: | I0 | |
| 科图分类: | ||
| 主题词: | 文学理论 | |
| 电子资源: | ||
| ISBN: | 7-100-12079-9 | |
| 000 | 00623nam0 2200193 450 | |
| 001 | 2634212736 | |
| 005 | 20260410093202.49 | |
| 010 | @a7-100-12079-9@dCNY36.00 | |
| 100 | @a20260410d2016 km y0chiy0120 ea | |
| 101 | 0 | @achi |
| 102 | @aCN@b110000 | |
| 200 | 1 | @a气候、物候与文学:以文学家生命意识为路径@AQi Hou、Wu Hou Yu Wen Xue:Yi Wen Xue Jia Sheng Ming Yi Shi Wei Lu Jing@f曾大兴著@FCeng Da Xing Zhu |
| 210 | @a北京@c商务印书馆@d2016 | |
| 215 | @a283页@d20cm | |
| 606 | 0 | @a文学理论 |
| 690 | @aI0@v4 | |
| 701 | 0 | @a曾大兴@ACeng Da Xing@4著 |
| 801 | 0 | @aCN@b大连网信软件有限公司图书馆·11@c20260410 |
| 905 | @aZUCC@dI0@eZW516 | |
| 气候、物候与文学:以文学家生命意识为路径/曾大兴著.-北京:商务印书馆,2016 |
| 283页;20cm |
| ISBN 7-100-12079-9:CNY36.00 |
| ● |
| 相关链接 |
|
|
|
|
正题名:气候、物候与文学:以文学家生命意识为路径
索取号:I0/ZW516
 
预约/预借
| 序号 | 登录号 | 条形码 | 馆藏地/架位号 | 状态 | 备注 |
| 1 | 7622103 | 276221036 | 密集书库-文学院/ [索取号:I0/ZW516] | 在馆 |